000 01053cab a2200277 4500
001 WB3223-25
008 090401t1996 xxu||||| |||| 00| 0 eng d
035 _a(Sirsi) u27663
041 _aeng
245 _aLenders launch landlord loans
260 _c1996
350 _a0
490 _aObserver
_v9 June 1996, 14
490 _aSunday Business
_v9 June 1996, 15
490 _aSunday Times
_v9 June 1996, 5:3
490 _aFinancial Times
_v8 June 1996, vi (4)
520 _aA number of mortgage lenders led by the Woolwich Building Society are offering special landlord loans to be met primarily by rental income. The scheme is backed by the Association of Residential Letting Agents (ARLA) and hopes to boost the private sector rental market. Discusses factors affecting reasonable financial returns for landlords.
650 _aBUY-TO-LET SCHEMES
650 _aLANDLORD LOANS
650 _aLANDLORDS
650 _aPRIVATE RENTED SECTOR
650 _aRENTED HOUSING
690 _aHOUSING-FINANCE
942 _n0
948 _c04/03/1997
999 _c18627
_d18627